| 000 | 01000cac a22002291u 4500 | ||
|---|---|---|---|
| 090 | _c4186 | ||
| 008 | 081103t1995 xxu||||| |||| 00| 0 eng d | ||
| 010 | _a 94041485 | ||
| 020 | _a0387944281 (New York : acid-free paper) | ||
| 082 | 0 | 0 |
_a003.76 _bG989 |
| 100 | _aGuyon, Xavier. | ||
| 245 | 1 | 0 |
_aRandom fields on a network : _bmodeling, statistics, and applications / _cXavier Guyon ; translated by Carenne Ludeña. |
| 260 |
_aNew York : _bSpringer-Verlag, _cc1995. |
||
| 300 |
_axii, 255 p. : _bill. ; _c25 cm. |
||
| 490 | 1 | _aProbability and its applications | |
| 504 | _aIncludes bibliographical references (p. [243]-251) and index. | ||
| 650 | 0 | _aRandom fields. | |
| 830 | 0 | _aProbability and its applications (Springer-Verlag) | |
| 856 | 4 | 2 | _uhttp://www.loc.gov/catdir/enhancements/fy0815/94041485-d.html |
| 942 |
_cBB _k003.76G989 _2ddc |
||
| 999 |
_c4186 _d4186 |
||